เอเชียตะวันออกเฉียงใต้ : การเมืองการปกครองหลังสิ้นสุดสงครามเย็น (ระเบียนเลขที่ 9369)
| 000 -LEADER | |
|---|---|
| fixed length control field | 01914nam a22003017a 4500 |
| 005 - DATE AND TIME OF LATEST TRANSACTION | |
| control field | 20210325180449.0 |
| 008 - FIXED-LENGTH DATA ELEMENTS--GENERAL INFORMATION | |
| fixed length control field | s2541 th tha d |
| 041 ## - LANGUAGE CODE | |
| Language code of text/sound track or separate title | tha |
| 050 ## - LIBRARY OF CONGRESS CALL NUMBER | |
| Classification number | JQ96 อ887 2541 |
| 245 10 - TITLE STATEMENT | |
| Title | เอเชียตะวันออกเฉียงใต้ : การเมืองการปกครองหลังสิ้นสุดสงครามเย็น |
| 260 3# - PUBLICATION, DISTRIBUTION, ETC. | |
| Place of publication, distribution, etc. | กรุงเทพฯ : |
| Name of publisher, distributor, etc. | คณะรัฐศาสตร์ มหาวิทยาลัยธรรมศาสตร์, |
| Date of publication, distribution, etc. | 2541 |
| 300 ## - PHYSICAL DESCRIPTION | |
| Extent | 556 หน้า : |
| Other physical details | แผนที่, แผนภูมิ ; |
| Dimensions | 21 ซม. |
| 650 04 - SUBJECT ADDED ENTRY--TOPICAL TERM | |
| Topical term or geographic name entry element | กัมพูชา -- การเมืองและการปกครอง |
| 650 04 - SUBJECT ADDED ENTRY--TOPICAL TERM | |
| Topical term or geographic name entry element | บรูไน -- การเมืองและการปกครอง |
| 650 04 - SUBJECT ADDED ENTRY--TOPICAL TERM | |
| Topical term or geographic name entry element | พม่า -- การเมืองและการปกครอง |
| 650 04 - SUBJECT ADDED ENTRY--TOPICAL TERM | |
| Topical term or geographic name entry element | ฟิลิปปินส์ -- การเมืองและการปกครอง |
| 650 04 - SUBJECT ADDED ENTRY--TOPICAL TERM | |
| Topical term or geographic name entry element | มาเลเซีย -- การเมืองและการปกครอง |
| 650 04 - SUBJECT ADDED ENTRY--TOPICAL TERM | |
| Topical term or geographic name entry element | ลาว -- การเมืองและการปกครอง |
| 650 04 - SUBJECT ADDED ENTRY--TOPICAL TERM | |
| Topical term or geographic name entry element | สิงคโปร์ -- การเมืองและการปกครอง |
| 650 04 - SUBJECT ADDED ENTRY--TOPICAL TERM | |
| Topical term or geographic name entry element | อินโดนีเซีย -- การเมืองและการปกครอง |
| 650 04 - SUBJECT ADDED ENTRY--TOPICAL TERM | |
| Topical term or geographic name entry element | เวียดนาม -- การเมืองและการปกครอง |
| 650 04 - SUBJECT ADDED ENTRY--TOPICAL TERM | |
| Topical term or geographic name entry element | เอเชียตะวันออกเฉียงใต้ -- การเมืองและการปกครอง |
| 650 04 - SUBJECT ADDED ENTRY--TOPICAL TERM | |
| Topical term or geographic name entry element | ไทย -- การเมืองและการปกครอง |
| 850 ## - HOLDING INSTITUTION | |
| Holding institution | NALT |
| 942 ## - ADDED ENTRY ELEMENTS (KOHA) | |
| Koha item type | General Book |
| 997 ## - | |
| -- | 000000000009369 |
| 998 ## - LOCAL CONTROL INFORMATION (RLIN) | |
| -- | BENJALUCK SUTTHIWILAI |
| Withdrawn status | Lost status | Damaged status | Not for loan | Collection code | Home library | Current library | Cost, normal purchase price | Total Checkouts | Full call number | Barcode | Date last seen | Cost, replacement price | Price effective from | Koha item type |
|---|---|---|---|---|---|---|---|---|---|---|---|---|---|---|
| General Book collection | National Assembly Library of Thailand | National Assembly Library of Thailand | 200.00 | JQ 96 อ887 2541 | 3961129764 | 09/06/2017 | 250.00 | 09/06/2017 | General Book |
